| 000 | 00957cam a2200301 a 4500 | ||
|---|---|---|---|
| 001 | 1673839 | ||
| 003 | OSt | ||
| 005 | 20250308180549.0 | ||
| 008 | 980710s1999 txua b 001 0 eng d | ||
| 010 | _a 98071914 | ||
| 020 | _a0030224179 | ||
| 035 | _a(OCoLC)40461786 | ||
| 040 |
_aMiYEM _cMiYEM _dDLC |
||
| 042 | _alccopycat | ||
| 050 | 0 | 0 |
_aHD57.7 _b.D732 1999 |
| 082 | 0 | 0 |
_a658.4/092 _221 |
| 100 | 1 | _aDaft, Richard L. | |
| 245 | 1 | 0 |
_aLeadership : _btheory and practice / _cRichard L. Daft. |
| 260 |
_aFort Worth, Tex. : _bDryden Press, _cc1999. |
||
| 300 |
_axvi, 496 p. : _bill. ; _c24 cm. |
||
| 440 | 0 | _aDryden Press series in management | |
| 504 | _aIncludes bibliographical references and indexes. | ||
| 650 | 0 | _aLeadership. | |
| 906 |
_a7 _bcbc _ccopycat _d2 _eopcn _f19 _gy-gencatlg |
||
| 942 |
_2lcc _cBK _n0 |
||
| 999 |
_c4614 _d4614 |
||